Objective-C for iPhone developers a beginner's guide

"Shows you how to use the Objective-C programming language, Apple's Foundation framework, the iPhone SDK, and the Xcode development environment. ... Real-world examples throughout the book correspond with downloadable Ccode projects and video tutorials so you can get started with your firs...

Descripción completa

Guardado en:
Detalles Bibliográficos
Autor principal: Brannan, James A.
Formato: Libro
Lenguaje:English
Publicado: New York McGraw-Hill 2010
Materias:
Etiquetas: Agregar Etiqueta
Sin Etiquetas, Sea el primero en etiquetar este registro!
Thư viện lưu trữ: Mạng thư viện Đại học Đà Nẵng
LEADER 01677nam a2200385 4500
001 000021355
003 17802
005 20150417150436.0
008 150417s2010 engsd
020 |a 0071703284 (alk. paper)  |a 9780071703284 (alk. paper) 
041 0 |a eng 
082 0 0 |a 005.117|222  |b BR-J 
100 1 |a Brannan, James A. 
245 1 0 |a Objective-C for iPhone developers  |b a beginner's guide  |c James A. Brannan 
260 |a New York  |b McGraw-Hill  |c 2010 
300 |a xviii, 365 p.  |b ill.  |c 23 cm. 
500 |a Includes index 
520 3 |a "Shows you how to use the Objective-C programming language, Apple's Foundation framework, the iPhone SDK, and the Xcode development environment. ... Real-world examples throughout the book correspond with downloadable Ccode projects and video tutorials so you can get started with your first app right away." 
650 0 |a Objective-C (Computer program language) 
650 0 |a Object-oriented programming (Computer science) 
650 0 |a Object-oriented programming (Computer science)  |x Mobile apps 
650 0 |a Mobile computing 
650 0 |a Application software  |x Development 
650 0 |a Computer software  |x Development 
653 |a Tin học 
OWN |a LSP 
AVA |a UDN50  |b LSP  |d 005.117|222 BR-J  |e available  |t Error 5001 Not defined in file expand_doc_bib_avail.  |f 1  |g 0  |h N  |i 0  |k 1 
999 |a From the UDN01 
AVA |a UDN50  |b LSP  |d 005.117|222 BR-J  |e available  |t Error 5001 Not defined in file expand_doc_bib_avail.  |f 1  |g 0  |h N  |i 0  |k 1 
TYP |a Monograph 
TYP |a Printed language 
980 |a Mạng thư viện Đại học Đà Nẵng